zpět

Detail výsledku týmu

U sv. Filipa a Jakuba, Praha

Datum a čas kvízu

29.5 Celkem bodů Celkový počet nahraných bodů na tomto kvízu bez doplňovacích otázek.
4. Pořadí na kvízu Konečné umístění týmu na tomto kvízu.

Zaznamenané odpovědi

# Otázka Odpověď Body Výsledky
1. Opravdu kuriózní střet se odeh... 0
2. Spor mezi Makedonií a Řeckem o... 0
3. V pondělí bylo oznámeno jméno... 1
4. Minulý týden proběhl v německé... 0
5. Jakým výsledkem skončil úvodní... 1
6. My Češi jsme specialisté na př... 0
7. Jakou vžitou přezdívku mělo vo... 0
8. Jakou ptačí přezdívku dostal v... 1
9. Aby se v 90. letech v inzeráte... 0
10. Sovětský automobil vyšší střed... 0